UBT Library

Anesthesia and uncommon diseases; (Record no. 41232)

000 -LEADER
fixed length control field 00613cam a2200217 4500
001 - CONTROL NUMBER
control field 3197208
005 - DATE AND TIME OF LATEST TRANSACTION
control field 20180130035141.0
008 - FIXED-LENGTH DATA ELEMENTS--GENERAL INFORMATION
fixed length control field 731108s1973 paua b 001 0 eng
010 ## - LIBRARY OF CONGRESS CONTROL NUMBER
LC control number 77173336
020 ## - INTERNATIONAL STANDARD BOOK NUMBER
International Standard Book Number 0721652999
040 ## - CATALOGING SOURCE
Original cataloging agency DLC
Transcribing agency DLC
Modifying agency DLC
041 ## - LANGUAGE CODE
Language code of text/sound track or separate title eng
080 ## - UNIVERSAL DECIMAL CLASSIFICATION NUMBER
Universal Decimal Classification number 617.96
082 00 - DEWEY DECIMAL CLASSIFICATION NUMBER
Classification number 617/.96 KAT
100 1# - Rafti
Rafti 6
101 ## - Shkurtesa
Shkurtesa ANE
245 10 - TITLE STATEMENT
Title Anesthesia and uncommon diseases;
Statement of responsibility, etc Edited by Jordan Katz and Leslie B. Kadis.
504 ## - BIBLIOGRAPHY, ETC. NOTE
Bibliography, etc Includes bibliographies.
906 ## - LOCAL DATA ELEMENT F, LDF (RLIN)
a 7
b cbc
c orignew
d 2
e ncip
f 19
g y-gencatlg
942 ## - ADDED ENTRY ELEMENTS (KOHA)
Source of classification or shelving scheme
Item type Books
Holdings
Withdrawn status Lost status Source of classification or shelving scheme Damaged status Not for loan Collection code Permanent location Current location Shelving location Date acquired Total Checkouts Full call number Barcode Date last seen Price effective from Koha item type
          Koleksioni i përgjithshem UBT - Lipjan UBT - Lipjan Koleksioni i përgjithshem 01/30/2018   617/.96 KAT 002-2996736 01/30/2018 01/30/2018 Books
UBT Library © 2015-2024. All rights reserved University Education for Business and Technology